000 00618nam a2200217Ia 4500
003 OSt
005 20220928145054.0
006 a|||||r|||| 00| 0
007 ta
008 220927b |||||||| |||| 00| 0 eng d
024 _a78485
037 _cTextual
040 _aSDCL
_cSDCL
_beng
041 _2eng
_aeng
082 _aO-,M:g(NR), M7
100 _aBarry Kevin
_9511446
245 0 _aLanguage , music and the sign
_bA study in aesthetics , poetics and poetic practice from Collins to Coleridge.
260 _c1987
942 _hO-,M:g(NR), M7
_cTEXL
_2CC
999 _c831695
_d831695